Premier League Winners - Sudden Death - Statistics

General Stats
  • This quiz has been taken 7,742 times
  • The average score is 5 of 7
Answers on the Grid
Answers color-coded by a green-red scale on the quiz's grid according to % correct below.
Arsenal
Aston Villa
Blackburn Rovers
Brighton & Hove Albion
Chelsea
Everton
Leeds United
Leicester City
Liverpool
Manchester City
Manchester United
Newcastle
Nottingham Forest
Sheffield United
Sheffield Wednesday
Southampton
Sunderland
Tottenham Hotspur
West Ham
Wolverhampton Wanderers
 
Answer Stats
Answer % Correct
Arsenal
94%
Chelsea
82%
Liverpool
81%
Manchester City
76%
Manchester United
73%
Leicester City
67%
Blackburn Rovers
54%
No matching quizzes found
Score Distribution
Percent of People with Each Score
Percentile by Number Answered
Your Score History
You have not taken this quiz